[Event "POL-ChT3"]
[Site "Lazy POL"]
[Date "2012.09.08"]
[Round "8"]
[White "Borgula, Rafal"]
[Black "Musialkiewicz, Jan"]
[Result "1/2-1/2"]
[WhiteElo "2306"]
[BlackElo "2224"]
[EventDate "2012.09.01"]
[PlyCount "24"]

1.Nf3 d5 2.d4 c6 3.e3 Nf6 4.Nbd2 Bg4 5.h3 Bxf3 6.Qxf3 Nbd7 7.Qg3 e6 8.Bd3 
Nh5 9.Qf3 Nhf6 10.Qg3 Nh5 11.Qf3 Nhf6 12.Qg3 Nh5 1/2-1/2

[Event "POL-ChT3"]
[Site "Lazy POL"]
[Date "2012.09.08"]
[Round "8"]
[White "Bardeli, Lukasz"]
[Black "Robak, Zbigniew"]
[Result "1/2-1/2"]
[WhiteElo "2287"]
[BlackElo "2235"]
[EventDate "2012.09.01"]
[PlyCount "81"]

1.Nf3 d5 2.c4 c6 3.b3 Nf6 4.g3 Bg4 5.Bg2 Nbd7 6.Bb2 e6 7.O-O Qc7 8.d3 h5 
9.h4 Bxf3 10.exf3 O-O-O 11.Nd2 Nc5 12.Qe2 dxc4 13.dxc4 Nd3 14.Bc3 Bc5 15.
f4 Ng4 16.Ne4 Bb6 17.b4 Bd4 18.Bxd4 Rxd4 19.Rad1 Rhd8 20.c5 Nxb4 21.Nd6+ 
R4xd6 22.cxd6 Rxd6 23.Qb2 Rxd1 24.Rxd1 Qb6 25.f5 Nd5 26.Qxb6 axb6 27.fxe6 
fxe6 28.Bh3 Kc7 29.Re1 Kd6 30.f3 Ne5 31.Kg2 Nc7 32.f4 Nc4 33.Kf3 b5 34.f5 
Ne5+ 35.Ke4 exf5+ 36.Kxf5 g6+ 37.Ke4 Nd5 38.Rf1 Nc3+ 39.Kd4 Ne2+ 40.Ke3 
Nc3 41.Kd4 1/2-1/2

[Event "POL-ChT3"]
[Site "Lazy POL"]
[Date "2012.09.08"]
[Round "8"]
[White "Konieczynski, Piotr"]
[Black "Banach, Wieslaw"]
[Result "1/2-1/2"]
[WhiteElo "1933"]
[BlackElo "2086"]
[EventDate "2012.09.01"]
[PlyCount "102"]

1.d4 e6 2.c4 f5 3.Nf3 Nf6 4.g3 Be7 5.Bg2 d6 6.O-O O-O 7.Nc3 Qe8 8.Qd3 Qh5 
9.Re1 Nc6 10.e4 e5 11.dxe5 fxe4 12.Nxe4 dxe5 13.Bg5 Be6 14.Nxf6+ gxf6 15.
Bh4 Rad8 16.Qb3 Na5 17.Qc3 Nxc4 18.Nxe5 Nxe5 19.Rxe5 fxe5 20.Bxe7 Rd1+ 21.
Rxd1 Qxd1+ 22.Bf1 Rf7 23.Qxc7 Qd4 24.Qc5 b6 25.Qxd4 exd4 26.Bg5 Bxa2 27.
Bd3 b5 28.Bd2 Bc4 29.Be4 Re7 30.f3 Kf7 31.Kf2 Kf6 32.Bb4 Rc7 33.Ke1 Ke6 
34.f4 Bd5 35.Bd3 a6 36.Kd2 Bf3 37.Ba5 Rg7 38.Bb6 Rd7 39.b4 h5 40.Bc5 Bg4 
41.Bf1 Kd5 42.Bb6 Re7 43.Bd3 Re3 44.Bd8 Rf3 45.h4 Rxg3 46.f5 Rf3 47.f6 Ke6
48.Be4 Rf2+ 49.Kd3 Bf5 50.Bxf5+ Rxf5 51.Ke4 d3 1/2-1/2

[Event "POL-ChT3"]
[Site "Lazy POL"]
[Date "2012.09.08"]
[Round "8"]
[White "Nowak, Rafal"]
[Black "Majdan, Damian"]
[Result "1-0"]
[WhiteElo "2054"]
[BlackElo "1779"]
[EventDate "2012.09.01"]
[PlyCount "73"]

1.d4 Nf6 2.Nf3 g6 3.Bg5 Ne4 4.Bf4 Bg7 5.Nbd2 Nxd2 6.Qxd2 d5 7.Bh6 O-O 8.h4
Bg4 9.h5 Bxf3 10.Bxg7 Kxg7 11.hxg6 hxg6 12.Qh6+ Kf6 13.gxf3 e6 14.O-O-O 
Nd7 15.e4 c6 16.e5+ Ke7 17.Bd3 Nb6 18.Qg7 Rg8 19.Qf6+ Ke8 20.Qf4 Rc8 21.
Rh7 Rc7 22.Rg1 Re7 23.Rgh1 Na4 24.Qf6 Qb6 25.b3 Nc3 26.Rxf7 Rxf7 27.Bxg6 
Qc7 28.Rh7 Rf8 29.Bxf7+ Qxf7 30.Rxf7 Rxf7 31.Qxe6+ Kf8 32.Qd6+ Kg7 33.e6 
Rf8 34.Qd7+ Kf6 35.e7 Rf7 36.Qd6+ Kg7 37.e8=Q 1-0

[Event "POL-ChT3"]
[Site "Lazy POL"]
[Date "2012.09.08"]
[Round "8"]
[White "Maksimenko, Andrei Jr"]
[Black "Kujawski, Jan"]
[Result "1-0"]
[WhiteElo "1896"]
[BlackElo "2106"]
[EventDate "2012.09.01"]
[PlyCount "51"]

1.e4 d6 2.d4 Nf6 3.Nc3 g6 4.Nf3 c6 5.a4 Bg7 6.h3 O-O 7.Be3 Qc7 8.a5 e5 9.
dxe5 dxe5 10.Bc4 h6 11.O-O Re8 12.Qd3 Be6 13.Na4 Nbd7 14.Bxe6 Rxe6 15.Nc5 
Nxc5 16.Bxc5 Rd8 17.Qe3 Nd7 18.Bxa7 c5 19.Rfd1 Ra6 20.Bxc5 Rc8 21.Bb4 Qxc2
22.Rxd7 Qxb2 23.Qa3 Qe2 24.Qd3 Qb2 25.Rb1 Qa2 26.Qb3 1-0

[Event "POL-ChT3"]
[Site "Lazy POL"]
[Date "2012.09.08"]
[Round "8"]
[White "Golek, Jagoda"]
[Black "Weglarz, Joanna"]
[Result "1/2-1/2"]
[WhiteElo "2061"]
[BlackElo "2007"]
[EventDate "2012.09.01"]
[PlyCount "80"]

1.e4 c5 2.Nf3 Nc6 3.Bb5 d6 4.O-O Bd7 5.Re1 e6 6.c3 Nf6 7.Bf1 Be7 8.d3 O-O 
9.Nbd2 b5 10.d4 cxd4 11.Nxd4 Nxd4 12.cxd4 Qb6 13.Nf3 Rac8 14.Bd3 Bc6 15.
Bg5 Rfe8 16.Rc1 Bb7 17.Qe2 a6 18.h3 g6 19.Bb1 Rxc1 20.Rxc1 Rc8 21.Rxc8+ 
Bxc8 22.Be3 Qc6 23.Qc2 Bb7 24.Nd2 Nd7 25.Qxc6 Bxc6 26.Bd3 Bd8 27.Kf1 Kf8 
28.Ke2 Nb6 29.b3 Ke7 30.f3 Nd7 31.Nb1 Ba5 32.Bd2 Bxd2 33.Kxd2 Kd8 34.Nc3 
Nf6 35.Ne2 Kc7 36.Kc3 Kb6 37.a3 Nd7 38.Bc2 Kc7 39.Nc1 Nf6 40.Ne2 Kb6 
1/2-1/2

[Event "POL-ChT3"]
[Site "Lazy POL"]
[Date "2012.09.08"]
[Round "8"]
[White "Krogulski, Grzegorz"]
[Black "Licznerski, Lukasz"]
[Result "0-1"]
[WhiteElo "2387"]
[BlackElo "2306"]
[EventDate "2012.09.01"]

1.e4 c6 2.d4 d5 3.exd5 cxd5 4.c4 Nf6 5.Nc3 g6 6.cxd5 Nxd5 7.Bc4 Nb6 8.Bb3 
Bg7 9.Nf3 Nc6 10.Be3 Na5 11.Bc2 Nac4 12.O-O Nxb2 13.Qe2 N2c4 14.Bg5 h6 15.
Bh4 Bg4 16.Rfe1 g5 17.Bg3 O-O 18.Qd3 f5 19.Ne5 Nxe5 20.Bxe5 Rc8 21.Bb3+ 
Kh8 22.Be6 Rc5 23.Bxg7+ Kxg7 24.f3 Bh5 25.Rad1 Ra5 26.d5 Qc7 27.Qd4+ Kh7 
28.Kh1 Qf4 29.Qf2 Bg6 30.Rd4 Qc7 31.Qb2 Rc5 32.Nb5 Rc2 33.Qb3 Qc5 34.Red1 
a6 35.d6 axb5 36.dxe7 Re8 37.Bf7 Rxe7 38.Bxg6+ Kxg6 39.Qg8+ Kh5 40.g4+ 
fxg4 41.Rxg4 Rc1 42.Qb3 Rxd1+ 43.Qxd1 Qf2 44.Rg1 Re2 0-1

[Event "POL-ChT3"]
[Site "Lazy POL"]
[Date "2012.09.08"]
[Round "8"]
[White "Gralka, Julian"]
[Black "Sygulski, Boguslaw"]
[Result "1/2-1/2"]
[WhiteElo "2231"]
[BlackElo "2254"]
[EventDate "2012.09.01"]
[PlyCount "65"]

1.d4 d5 2.c4 dxc4 3.Nf3 Nf6 4.e3 e6 5.Bxc4 a6 6.O-O c5 7.dxc5 Qxd1 8.Rxd1 
Bxc5 9.a3 b5 10.Be2 Bb7 11.b4 Be7 12.Bb2 Nbd7 13.Nbd2 O-O 14.Rac1 Rac8 15.
Rxc8 Rxc8 16.Rc1 Rxc1+ 17.Bxc1 Kf8 18.Bb2 Bd6 19.Bd3 g6 20.h3 h5 21.Kf1 
Ke7 22.Ke2 Bc7 23.Bc2 Nb6 24.g3 Nfd7 25.Ba1 Bd5 26.Bb2 Nc4 27.Nxc4 Bxc4+ 
28.Ke1 Bd5 29.Ke2 Nb6 30.Bd4 Nd7 31.Bb2 Nb6 32.Bd4 Nd7 33.Bb2 1/2-1/2

[Event "POL-ChT3"]
[Site "Lazy POL"]
[Date "2012.09.08"]
[Round "8"]
[White "Markiewicz, Jerzy"]
[Black "Wozniak, Marcin"]
[Result "0-1"]
[WhiteElo "2261"]
[BlackElo "2215"]
[EventDate "2012.09.01"]
[PlyCount "74"]

1.d4 Nf6 2.c4 e6 3.Nc3 Bb4 4.f3 d5 5.a3 Bxc3+ 6.bxc3 O-O 7.e3 c5 8.cxd5 
exd5 9.Bd3 b6 10.Ne2 Ba6 11.O-O Re8 12.Ng3 Bxd3 13.Qxd3 Nbd7 14.Bb2 h5 15.
Rae1 g6 16.Nh1 Rc8 17.Nf2 Qc7 18.e4 cxd4 19.cxd4 Qc2 20.Qxc2 Rxc2 21.Bc1 
Rec8 22.Bf4 Ra2 23.e5 Nh7 24.e6 fxe6 25.Rxe6 Nhf8 26.Re7 Rcc2 27.Bh6 Rxa3 
28.Rg7+ Kh8 29.Nh3 Raa2 30.Ng5 b5 31.h4 b4 32.Re1 Rc8 33.Ree7 Ra6 34.Rxd7 
Nxd7 35.Rxd7 b3 36.Nh3 g5 37.Bg7+ Kg8 0-1

[Event "POL-ChT3"]
[Site "Lazy POL"]
[Date "2012.09.08"]
[Round "8"]
[White "Bokiej, Przemyslaw"]
[Black "Dubas, Leszek"]
[Result "0-1"]
[WhiteElo "2189"]
[BlackElo "2164"]
[EventDate "2012.09.01"]

1.e4 g6 2.d4 Bg7 3.Nc3 d6 4.f4 c5 5.dxc5 Qa5 6.cxd6 Bxc3+ 7.bxc3 Qxc3+ 8.
Bd2 Qc6 9.Bd3 Qxd6 10.Nf3 Nc6 11.O-O Nf6 12.Kh1 Qc5 13.Qe1 Be6 14.Rb1 
O-O-O 15.a4 h6 16.Rb5 Qa3 17.a5 Rxd3 18.cxd3 Qxd3 19.Qb1 Bc4 20.Qxd3 Bxd3 
21.Rfb1 Bxb5 22.Rxb5 Nxe4 23.Be3 Rd8 0-1

[Event "POL-ChT3"]
[Site "Lazy POL"]
[Date "2012.09.08"]
[Round "8"]
[White "Augustyn, Sebastian"]
[Black "Gralka, Przemyslaw"]
[Result "1-0"]
[WhiteElo "2109"]
[BlackElo "2289"]
[EventDate "2012.09.01"]
[PlyCount "103"]

1.e4 d5 2.exd5 Qxd5 3.Nc3 Qa5 4.d4 Nf6 5.Bc4 Bg4 6.Nf3 e6 7.h3 Bh5 8.g4 
Bg6 9.Bd2 c6 10.Nd5 Qd8 11.Nxf6+ gxf6 12.Bb3 h5 13.Rg1 hxg4 14.hxg4 Nd7 
15.Qe2 Qe7 16.O-O-O O-O-O 17.Rh1 Bg7 18.Nh4 Bh7 19.f4 Nb6 20.c3 Nd5 21.
Rde1 Qd7 22.Qf3 c5 23.f5 cxd4 24.cxd4 Nc7 25.Be3 Nb5 26.d5 Bg8 27.Kb1 Kb8 
28.Bf4+ e5 29.Be3 Bh6 30.Ng2 Bg7 31.Rxh8 Bxh8 32.Rc1 Nd6 33.Qf2 Nc8 34.Ne1
Bg7 35.Nd3 Bf8 36.Nc5 Qb5 37.Qc2 Bxc5 38.Bxc5 Ka8 39.a4 Qd7 40.Qc4 Kb8 41.
a5 Nd6 42.Bxd6+ Qxd6 43.Qc5 Qxc5 44.Rxc5 Bh7 45.Kc1 Rd6 46.Kd2 Rd8 47.Ke3 
Rd6 48.Ke4 b6 49.Rc6 Rxc6 50.dxc6 Kc7 51.Ba4 Kd6 52.a6 1-0

[Event "POL-ChT3"]
[Site "Lazy POL"]
[Date "2012.09.08"]
[Round "8"]
[White "Wesolowska, Edyta"]
[Black "Jalowiec, Halina"]
[Result "1/2-1/2"]
[WhiteElo "1951"]
[BlackElo "2046"]
[EventDate "2012.09.01"]
[PlyCount "104"]

1.d4 Nf6 2.c4 d6 3.Nc3 g6 4.Nf3 Bg7 5.e4 c6 6.Be2 Nbd7 7.O-O e5 8.Be3 O-O 
9.d5 Qc7 10.Rc1 Re8 11.Ne1 a6 12.Nd3 c5 13.f3 Qa5 14.Bd2 Qd8 15.a3 b6 16.
b4 Nh5 17.Qa4 Rb8 18.bxc5 Nxc5 19.Nxc5 bxc5 20.Rb1 Rxb1 21.Rxb1 Nf4 22.Bf1
Re7 23.Qc6 Re8 24.Rb8 Bf8 25.Na4 Bd7 26.Rxd8 Bxc6 27.dxc6 Rxd8 28.Bxf4 Rc8
29.Bd2 Rxc6 30.Ba5 Rc8 31.Kf2 Rb8 32.Nc3 Rb2+ 33.Be2 Be7 34.Nd5 Kf8 35.Nc3
Ke8 36.a4 Kd7 37.Nd5 Bg5 38.Bb6 Bd8 39.Bxd8 Kxd8 40.Ke3 Rb1 41.Kd3 Rg1 42.
Ne3 Ra1 43.Bd1 Kd7 44.Kc3 Rb1 45.Kc2 Rb7 46.Kc3 Ke6 47.Bc2 f6 48.g3 Rf7 
49.h3 h6 50.Bd3 Rb7 51.Bc2 h5 52.Bd3 Rh7 1/2-1/2

[Event "POL-ChT3"]
[Site "Lazy POL"]
[Date "2012.09.08"]
[Round "8"]
[White "Rawicz, Karol"]
[Black "Jagodzinski, Piotr"]
[Result "1-0"]
[WhiteElo "2250"]
[BlackElo "2167"]
[EventDate "2012.09.01"]

1.Nf3 d5 2.c4 c6 3.d4 Nf6 4.Nc3 dxc4 5.a4 Bf5 6.Ne5 Nbd7 7.Nxc4 e6 8.f3 
Bb4 9.e4 Bg6 10.Be2 O-O 11.O-O Qc7 12.Qb3 a5 13.Be3 Rfd8 14.Rac1 Ne8 15.
Rfd1 f6 16.Bf2 Bf7 17.e5 fxe5 18.Bg3 Nd6 19.Nxd6 Qxd6 20.Ne4 Qe7 21.dxe5 
Nc5 22.Nxc5 Rxd1+ 23.Rxd1 Qxc5+ 24.Kh1 b5 25.f4 bxa4 26.Qxa4 Qf8 27.Bc4 
Kh8 28.Qc2 g5 29.Kg1 gxf4 30.Bxf4 Qc5+ 31.Kh1 Bg6 32.Qe2 Qe7 33.Qe3 Rd8 
34.Rxd8+ Qxd8 35.h3 Bf5 36.Kh2 Qe7 37.Bg5 Qd7 38.Bh6 Be7 39.Qg3 Bc5 40.Qg5
Bg6 41.Qf6+ 1-0

[Event "POL-ChT3"]
[Site "Lazy POL"]
[Date "2012.09.08"]
[Round "8"]
[White "Goluch, Piotr"]
[Black "Muc, Marcin"]
[Result "1-0"]
[WhiteElo "2239"]
[BlackElo "2165"]
[EventDate "2012.09.01"]
[PlyCount "89"]

1.e4 e5 2.Nf3 Nc6 3.Nc3 Nf6 4.a3 Be7 5.d4 exd4 6.Nxd4 O-O 7.Nxc6 dxc6 8.
Be2 Qxd1+ 9.Bxd1 Re8 10.Be2 Bd6 11.f3 b6 12.Be3 Bb7 13.Kf2 Rad8 14.g4 Be5 
15.Rad1 Kf8 16.h4 c5 17.Bb5 c6 18.Bc4 Bc8 19.Bd3 Rd7 20.a4 a5 21.Ne2 Red8 
22.Rb1 Re7 23.Nf4 Bd4 24.Bxd4 Rxd4 25.c3 Rd6 26.Rbd1 Nd7 27.Be2 Rxd1 28.
Rxd1 Ne5 29.Ke3 Rd7 30.Rb1 Rd6 31.b4 cxb4 32.cxb4 axb4 33.Rxb4 Nd7 34.Bc4 
Ke7 35.Nd3 f6 36.f4 Bb7 37.Bg8 c5 38.Rb2 Rd4 39.Nxc5 bxc5 40.Rxb7 Rxa4 41.
Bxh7 Ra3+ 42.Kd2 Kd6 43.Bf5 Nf8 44.h5 c4 45.Rxg7 1-0

[Event "POL-ChT3"]
[Site "Lazy POL"]
[Date "2012.09.08"]
[Round "8"]
[White "Fistek, Dariusz"]
[Black "Kalvaitis, Sigitas"]
[Result "1/2-1/2"]
[WhiteElo "2242"]
[BlackElo "2233"]
[EventDate "2012.09.01"]
[PlyCount "44"]

1.d4 e6 2.c4 Nf6 3.Nc3 d5 4.Nf3 Be7 5.e3 O-O 6.Bd3 dxc4 7.Bxc4 a6 8.O-O b5
9.Bb3 Bb7 10.Qe2 c5 11.Rd1 Nbd7 12.Bc2 Qc7 13.e4 cxd4 14.Nxd4 Rac8 15.a3 
Bd6 16.g3 Be5 17.Be3 Rfe8 18.Rac1 Qb8 19.f3 h5 20.Bf2 b4 21.Kg2 g6 22.Nb3 
Kg7 1/2-1/2

[Event "POL-ChT3"]
[Site "Lazy POL"]
[Date "2012.09.08"]
[Round "8"]
[White "Cajbel, Maciej"]
[Black "Lusio, Daniel"]
[Result "1/2-1/2"]
[WhiteElo "2237"]
[BlackElo "1861"]
[EventDate "2012.09.01"]
[PlyCount "61"]

1.e4 c5 2.Nc3 Nc6 3.Bb5 a6 4.Bxc6 dxc6 5.d3 e5 6.h3 Nf6 7.Nf3 Qc7 8.a4 b6 
9.O-O Be7 10.Be3 O-O 11.Qd2 Rd8 12.b3 Qd6 13.Nh2 Nh5 14.Ne2 Nf6 15.Ng3 Be6
16.f4 exf4 17.Bxf4 Qd7 18.Nf3 Ne8 19.Rae1 f6 20.Kh1 Ra7 21.Qe2 b5 22.e5 f5
23.Bg5 h6 24.Bxe7 Qxe7 25.Nd2 g6 26.Qe3 Kh7 27.Rf4 Nc7 28.c4 bxa4 29.bxa4 
Rb7 30.d4 cxd4 31.Rxd4 1/2-1/2

[Event "POL-ChT3"]
[Site "Lazy POL"]
[Date "2012.09.08"]
[Round "8"]
[White "Wozny, Tomasz"]
[Black "Czachor, Radoslaw"]
[Result "0-1"]
[WhiteElo "1783"]
[BlackElo "2063"]
[EventDate "2012.09.01"]

1.Nf3 d5 2.d4 Nf6 3.Bg5 Ne4 4.Bf4 c6 5.c3 Bf5 6.Nbd2 e6 7.e3 Bd6 8.Bxd6 
Nxd6 9.c4 Nd7 10.Qb3 Qa5 11.c5 Ne4 12.Bd3 Nexc5 13.dxc5 Nxc5 14.Qa3 Nxd3+ 
15.Kf1 Qxa3 16.bxa3 c5 17.Nh4 Bg6 18.Nxg6 hxg6 19.Ke2 c4 20.Rab1 b6 21.Nf3
Rc8 22.Nd4 Rc5 23.h3 Ra5 24.Nc2 Ke7 25.f4 Rc8 26.Rhf1 Nc5 27.Rb2 Ne4 28.
Rc1 Rcc5 29.g4 Rcb5 30.Rxb5 Rxb5 31.Nb4 a5 32.Nc6+ Kd6 33.Nd4 Rb2+ 34.Rc2 
Rxc2+ 35.Nxc2 Kc5 36.h4 b5 37.Kf3 b4 38.axb4+ axb4 39.Nd4 Nc3 40.h5 gxh5 
41.gxh5 Nxa2 42.f5 exf5 43.Nxf5 b3 0-1

[Event "POL-ChT3"]
[Site "Lazy POL"]
[Date "2012.09.08"]
[Round "8"]
[White "Steczek, Marcin"]
[Black "Stachanczyk, Jacek"]
[Result "1/2-1/2"]
[WhiteElo "2409"]
[BlackElo "2247"]
[EventDate "2012.09.01"]
[PlyCount "73"]

1.Nf3 g6 2.c4 Bg7 3.Nc3 c5 4.d4 cxd4 5.Nxd4 Nf6 6.e4 d6 7.Be2 Nc6 8.O-O 
O-O 9.Be3 Bd7 10.f3 Nxd4 11.Bxd4 Bc6 12.Qd2 a5 13.b3 Nd7 14.Be3 Nc5 15.
Rac1 Qb6 16.Rfd1 Qb4 17.Nd5 Bxd5 18.cxd5 Rfc8 19.Rc2 Qxd2 20.Rdxd2 f5 21.
exf5 gxf5 22.Kf1 Kf7 23.Bb5 Be5 24.g3 h5 25.Rc4 b6 26.Rdc2 Rh8 27.Rh4 Kg6 
28.Ke2 Raf8 29.Rc1 Bb2 30.Rb1 Be5 31.Rc1 Bb2 32.Rg1 Be5 33.Rc4 Bb2 34.Rc2 
Be5 35.Bf2 Rc8 36.Rgc1 Rb8 37.Rc4 1/2-1/2

[Event "POL-ChT3"]
[Site "Lazy POL"]
[Date "2012.09.08"]
[Round "8"]
[White "Gumula, Daniel"]
[Black "Meczynski, Waldemar"]
[Result "1-0"]
[WhiteElo "2273"]
[BlackElo "2153"]
[EventDate "2012.09.01"]
[PlyCount "69"]

1.d4 Nf6 2.c4 e6 3.g3 Bb4+ 4.Nd2 c5 5.a3 Bxd2+ 6.Qxd2 cxd4 7.Nf3 b6 8.Nxd4
Bb7 9.f3 d5 10.cxd5 Qxd5 11.Qb4 Nc6 12.Nxc6 Bxc6 13.e4 Qd7 14.Bf4 Qe7 15.
Bd6 a5 16.Bxe7 axb4 17.Bxb4 O-O-O 18.Ba6+ Kb8 19.Rc1 Ba4 20.Ke2 h5 21.Rc3 
h4 22.g4 Ka7 23.Bd3 Rc8 24.Rhc1 Rxc3 25.Rxc3 Kb7 26.Bd6 Ne8 27.Bf4 f6 28.
e5 g5 29.Be4+ Ka6 30.Be3 Bb5+ 31.Ke1 Bd7 32.Rd3 f5 33.Rxd7 fxe4 34.fxe4 
Rg8 35.Re7 1-0

[Event "POL-ChT3"]
[Site "Lazy POL"]
[Date "2012.09.08"]
[Round "8"]
[White "Walaszczyk, Witold"]
[Black "Tokarski, Lukasz"]
[Result "0-1"]
[WhiteElo "2210"]
[BlackElo "2278"]
[EventDate "2012.09.01"]
[PlyCount "110"]

1.d4 Nf6 2.c4 g6 3.Nf3 Bg7 4.g3 O-O 5.Bg2 d6 6.O-O Nbd7 7.Nc3 e5 8.h3 a6 
9.e4 Rb8 10.Be3 Re8 11.Qc2 exd4 12.Nxd4 c5 13.Nde2 b5 14.Rad1 Qe7 15.Bf4 
Rb6 16.Bg5 Bb7 17.f3 h6 18.Bc1 bxc4 19.Na4 d5 20.Nxb6 Nxb6 21.Nc3 d4 22.
Nb1 Nh5 23.Kh2 g5 24.Na3 d3 25.Qf2 f5 26.Be3 Nxg3 27.Qxg3 f4 28.Bxf4 gxf4 
29.Qg6 Qe6 30.Qxe6+ Rxe6 31.b3 cxb3 32.axb3 Rd6 33.Rf2 Bc3 34.Bf1 Bb4 35.
Nb1 d2 36.Nxd2 a5 37.Bc4+ Kf8 38.Bd5 Ba6 39.Nb1 c4 40.bxc4 Bxc4 41.Rb2 Ke7
42.Rd4 Nxd5 43.Rxc4 Ne3 44.Rc7+ Ke6 45.h4 Rd1 46.Nc3 Rf1 47.Nb5 Be1 48.
Nd4+ Ke5 49.Nf5 Bb4 50.Nxe3 fxe3 51.Kg2 Rd1 52.Rf7 Rd2+ 53.Rxd2 exd2 54.
Rf5+ Kd4 55.Rd5+ Ke3 0-1

[Event "POL-ChT3"]
[Site "Lazy POL"]
[Date "2012.09.08"]
[Round "8"]
[White "Kolosowski, Pawel"]
[Black "Swiatnicki, Andrzej"]
[Result "1-0"]
[WhiteElo "2280"]
[BlackElo "2127"]
[EventDate "2012.09.01"]
[PlyCount "69"]

1.e4 e5 2.Bc4 Nf6 3.d3 Bc5 4.Nf3 Nc6 5.O-O d6 6.c3 Bb6 7.a4 O-O 8.Re1 Be6 
9.Nbd2 a6 10.b4 Qd7 11.a5 Ba7 12.b5 Ne7 13.bxa6 bxa6 14.d4 Bxc4 15.Nxc4 
Qb5 16.Qd3 exd4 17.Rb1 Qh5 18.cxd4 Rab8 19.Ba3 Nc6 20.e5 Nd5 21.Rxb8 Rxb8 
22.Qe4 Nce7 23.exd6 cxd6 24.Bxd6 Re8 25.g4 f5 26.Qxd5+ Nxd5 27.gxh5 Rxe1+ 
28.Nxe1 Bxd4 29.Nd3 Kf7 30.Nb4 Nxb4 31.Bxb4 Kf6 32.Kg2 Kg5 33.Nd6 g6 34.
hxg6 hxg6 35.Nb7 1-0

[Event "POL-ChT3"]
[Site "Lazy POL"]
[Date "2012.09.08"]
[Round "8"]
[White "Smagalski, Slawomir"]
[Black "Siedlinski, Piotr"]
[Result "1/2-1/2"]
[WhiteElo "2028"]
[BlackElo "2092"]
[EventDate "2012.09.01"]
[PlyCount "52"]

1.Nf3 d5 2.c4 e6 3.g3 Nf6 4.Bg2 Be7 5.O-O O-O 6.d4 Nbd7 7.b3 c6 8.Nbd2 Qc7
9.Bb2 Re8 10.Qc2 c5 11.e3 b6 12.Rac1 Ba6 13.Rcd1 Rac8 14.dxc5 Bxc5 15.cxd5
Nxd5 16.Ng5 Nf8 17.Bxd5 exd5 18.Ndf3 f6 19.Nh3 Rxe3 20.Qf5 Re2 21.Bd4 Qf7 
22.Nf4 Ree8 23.Bxc5 bxc5 24.Qxd5 Qxd5 25.Rxd5 c4 26.bxc4 Rxc4 1/2-1/2

[Event "POL-ChT3"]
[Site "Lazy POL"]
[Date "2012.09.08"]
[Round "8"]
[White "Guzik, Jolanta"]
[Black "Swiatnicka, Malgorzata"]
[Result "1-0"]
[WhiteElo "2139"]
[BlackElo "1819"]
[EventDate "2012.09.01"]
[PlyCount "67"]

1.c4 c6 2.d4 Nf6 3.Nc3 d5 4.cxd5 cxd5 5.Nf3 Nc6 6.Bf4 a6 7.e3 e6 8.Bd3 Bd6
9.Bg5 Be7 10.Rc1 O-O 11.Bb1 Nd7 12.Bxe7 Qxe7 13.O-O Na5 14.b3 b5 15.Ne2 
Bb7 16.Qd2 Nc6 17.Nf4 Rac8 18.Rfd1 Rfd8 19.Nd3 f6 20.Nc5 Nxc5 21.Rxc5 e5 
22.b4 exd4 23.exd4 Qd6 24.Rdc1 g6 25.a3 Kg7 26.h3 Nb8 27.Ne1 Nd7 28.Rxc8 
Rxc8 29.Nd3 Nb6 30.Nc5 Ba8 31.Re1 Nc4 32.Qc1 Rc6 33.Re6 Qb8 34.Re7+ 1-0

[Event "POL-ChT3"]
[Site "Lazy POL"]
[Date "2012.09.08"]
[Round "8"]
[White "Mickiewicz, Piotr"]
[Black "Bielinski, Dariusz"]
[Result "1-0"]
[WhiteElo "2363"]
[BlackElo "2215"]
[EventDate "2012.09.01"]

1.e4 c5 2.Nf3 e6 3.d4 cxd4 4.Nxd4 a6 5.Bd3 Bc5 6.Nb3 Be7 7.f4 d6 8.Nc3 Qc7
9.O-O Nd7 10.Qe2 Ngf6 11.Bd2 O-O 12.Rae1 e5 13.Nd5 Nxd5 14.exd5 Bf6 15.Kh1
Nc5 16.Nxc5 Qxc5 17.Qe4 g6 18.Bb4 Qb6 19.Bxd6 Bf5 20.Qb4 Qxb4 21.Bxb4 Bxd3
22.cxd3 Rfe8 23.Bc3 Rac8 24.fxe5 Rxc3 25.bxc3 Rxe5 26.d4 1-0

[Event "POL-ChT3"]
[Site "Lazy POL"]
[Date "2012.09.08"]
[Round "8"]
[White "Sroka, Janusz"]
[Black "Khamidov, Komil"]
[Result "1-0"]
[WhiteElo "2109"]
[BlackElo "2113"]
[EventDate "2012.09.01"]
[PlyCount "81"]

1.e4 e5 2.a3 Nf6 3.d3 d5 4.Nd2 Bc5 5.c3 Ng4 6.Nh3 O-O 7.b4 Bb6 8.exd5 c6 
9.d6 e4 10.d4 Nxf2 11.Nxf2 e3 12.Nf3 exf2+ 13.Kxf2 Qxd6 14.Bd3 Bg4 15.
Bxh7+ Kxh7 16.Ng5+ Kg8 17.Qxg4 Nd7 18.Bf4 Bxd4+ 19.cxd4 Qxd4+ 20.Kg3 Nf6 
21.Qf3 g6 22.Rhd1 Qb2 23.h3 Rfe8 24.Rab1 Qc2 25.Qd3 Nh5+ 26.Kf3 Qxg2+ 27.
Kxg2 Nxf4+ 28.Kf3 Nxd3 29.Rxd3 Re5 30.Kg4 Rae8 31.Rbd1 f6 32.Nf3 Re3 33.
Rxe3 Rxe3 34.Rd7 Rxa3 35.Rxb7 a5 36.Nd4 axb4 37.Nxc6 f5+ 38.Kg5 Rxh3 39.
Kf6 Rc3 40.Ne7+ Kh8 41.Nxg6+ 1-0

[Event "POL-ChT3"]
[Site "Lazy POL"]
[Date "2012.09.08"]
[Round "8"]
[White "Kulas, Szymon"]
[Black "Kielbratowski, Aleksander"]
[Result "1-0"]
[WhiteElo "2059"]
[BlackElo "2096"]
[EventDate "2012.09.01"]

1.e4 e5 2.Nf3 d6 3.d4 exd4 4.Nxd4 Nf6 5.Nc3 Be7 6.f3 O-O 7.Be3 c6 8.Qd2 
Qc7 9.O-O-O b5 10.g4 a6 11.Rg1 Rd8 12.Kb1 Be6 13.Nce2 Nbd7 14.Nxe6 fxe6 
15.g5 Ne8 16.Nd4 Nf8 17.Bh3 Qd7 18.f4 c5 19.Nf3 Qc6 20.Qd3 d5 21.Ne5 Qc7 
22.exd5 exd5 23.Bf2 d4 24.Qf3 Nd6 25.Rde1 Nc4 26.Qb3 Bd6 27.Nxc4 bxc4 28.
Qxc4+ Qf7 29.Qxf7+ Kxf7 30.Bg2 Rab8 31.Bd5+ Kg6 32.Bg3 Bxf4 33.Bxf4 1-0

[Event "POL-ChT3"]
[Site "Lazy POL"]
[Date "2012.09.08"]
[Round "8"]
[White "Kielek, Andrzej"]
[Black "Perdek, Miroslaw"]
[Result "0-1"]
[WhiteElo "1972"]
[BlackElo "2236"]
[EventDate "2012.09.01"]

1.e4 c5 2.Nf3 d6 3.d4 cxd4 4.Nxd4 Nf6 5.Nc3 Nc6 6.Be2 e6 7.O-O Be7 8.Be3 
O-O 9.h3 a6 10.a4 Qc7 11.Kh1 Bd7 12.f4 Rfe8 13.Qe1 Nxd4 14.Bxd4 Bc6 15.Bf3
e5 16.Bg1 exf4 17.Qd2 Nd7 18.Qxf4 Ne5 19.Bd4 Bf6 20.Qg3 Qe7 21.Be2 Rac8 
22.Rad1 Rf8 23.a5 g6 24.Bc4 Bh4 25.Bxf7+ Rxf7 26.Rxf7 Nxf7 27.Qg4 Re8 28.
Rf1 Ne5 29.Qe2 Rf8 30.Nd5 Bxd5 31.exd5 Rxf1+ 32.Qxf1 Qf7 33.Qxf7+ Kxf7 34.
b3 Be1 35.Bb6 Nd7 36.Bd8 Nf6 37.c4 Ne4 38.Bb6 Nd2 39.c5 dxc5 40.d6 Ke6 0-1

[Event "POL-ChT3"]
[Site "Lazy POL"]
[Date "2012.09.08"]
[Round "8"]
[White "Piotrowski, Przemyslaw"]
[Black "Kielbratowski, Maciej"]
[Result "1-0"]
[WhiteElo "1965"]
[BlackElo "1850"]
[EventDate "2012.09.01"]

1.e4 e5 2.Nf3 f5 3.Nxe5 Nc6 4.d4 Qh4 5.Be2 Qxe4 6.Nxc6 dxc6 7.O-O Qh4 8.d5
Bd7 9.Be3 O-O-O 10.Qd2 Bd6 11.g3 Qh3 12.Qa5 cxd5 13.Qxa7 Bc6 14.Bf3 Nf6 
15.Bg2 Qh5 16.Nc3 Ng4 17.h3 Ne5 18.f4 Nc4 19.Nxd5 Nxe3 20.Nxe3 Bxg2 21.
Kxg2 Rhe8 22.Rae1 b6 23.Qa8+ Kd7 24.Qd5 g6 25.Rf2 Kc8 26.Rd2 Kb8 27.Rd4 
Bc5 28.Qxd8+ Rxd8 29.Rxd8+ Kb7 30.Nd5 g5 31.Rd7 Bd6 32.Nxc7 Kc6 33.Ne8 
Bxf4 34.gxf4 gxf4 35.Rc7+ Kb5 36.Rc3 f3+ 37.Rxf3 Qg6+ 38.Kf1 Qh5 39.Rb3+ 
Kc6 40.Rc3+ Kd7 41.Nf6+ 1-0

[Event "POL-ChT3"]
[Site "Lazy POL"]
[Date "2012.09.08"]
[Round "8"]
[White "Dziopa, Malgorzata"]
[Black "Poznanska, Katarzyna"]
[Result "0-1"]
[WhiteElo "1792"]
[BlackElo "2086"]
[EventDate "2012.09.01"]
[PlyCount "64"]

1.d4 Nf6 2.c4 g6 3.Nc3 Bg7 4.e4 d6 5.Nf3 O-O 6.Be2 Nbd7 7.O-O e5 8.dxe5 
dxe5 9.h3 c6 10.Be3 Qc7 11.Qc2 Nh5 12.Rfd1 Nf4 13.Bf1 Ne6 14.Rac1 f5 15.
exf5 gxf5 16.a3 a5 17.Na4 f4 18.Bd2 Nec5 19.Re1 Nxa4 20.Qxa4 Nc5 21.Qd1 
Rd8 22.b4 axb4 23.axb4 Nd3 24.Bxd3 Rxd3 25.Qe2 Qd8 26.Bc3 e4 27.Bxg7 exf3 
28.Qe5 Rd6 29.Qe7 Bf5 30.Qxd8+ Raxd8 31.Be5 Rg6 32.Bxf4 Rxg2+ 0-1

[Event "POL-ChT3"]
[Site "Lazy POL"]
[Date "2012.09.08"]
[Round "8"]
[White "Dors, Ryszard"]
[Black "Kukula, Pawel"]
[Result "0-1"]
[WhiteElo "2220"]
[BlackElo "2256"]
[EventDate "2012.09.01"]

1.Nf3 f5 2.b3 Nf6 3.Bb2 e6 4.c4 d6 5.Qc2 b6 6.g3 Bb7 7.Bg2 Be7 8.d3 O-O 9.
Nc3 Qe8 10.e4 fxe4 11.dxe4 e5 12.O-O Qh5 13.Nd5 Bd8 14.Nd2 c5 15.f4 Bxd5 
16.exd5 Ng4 17.h3 Ne3 18.Qe4 Nxf1 19.Rxf1 Nd7 20.g4 Qe8 21.f5 g6 22.Nf3 
gxf5 23.gxf5 Bf6 24.Nh2 Kh8 25.Bf3 Rg8+ 26.Kh1 Rg3 27.Bg4 h5 28.Qe1 Bh4 
29.Qd2 Qf8 30.Bxh5 Bg5 31.Qe2 Qh6 32.Bg4 Nf6 33.Rf3 Rxf3 34.Qxf3 Bf4 35.
Nf1 Rg8 36.Kg2 Nxg4 37.hxg4 Qh4 0-1

[Event "POL-ChT3"]
[Site "Lazy POL"]
[Date "2012.09.08"]
[Round "8"]
[White "Pacuszka, Tomasz"]
[Black "Gmaj, Krzysztof"]
[Result "1-0"]
[WhiteElo "2273"]
[BlackElo "2152"]
[EventDate "2012.09.01"]

1.d4 d5 2.Nf3 Nf6 3.c4 e6 4.e3 c6 5.Nbd2 Nbd7 6.Be2 Bd6 7.b3 e5 8.dxe5 
Nxe5 9.Bb2 Qe7 10.O-O O-O 11.Qc2 dxc4 12.Nxc4 Nxc4 13.Qxc4 Be6 14.Qc2 Bd5 
15.Qf5 Be4 16.Qg5 h6 17.Qh4 Nd5 18.Qxe7 Bxe7 19.Nd2 Bh7 20.Bf3 Rfd8 21.Nc4
Kf8 22.Na5 Rd7 23.a3 Bd8 24.Nc4 Bc7 25.Bd4 Nb6 26.Na5 Rb8 27.Nxb7 Rxb7 28.
Bxc6 Bd6 29.Rfc1 Rdc7 30.Bxb7 Rxb7 31.Rc6 Ke7 32.Bxg7 Be4 33.Bf8+ Kxf8 34.
Rxd6 Kg7 35.Rc1 Bd5 36.b4 Be6 37.Rdc6 Rb8 38.e4 Bd7 39.Rc7 a6 40.f3 Bb5 
41.Ra7 Nc8 42.Rac7 Nb6 43.Kf2 Rd8 44.Rb7 Nc4 45.a4 Rd2+ 46.Kg3 Nd6 47.axb5
Nxb7 48.bxa6 Nd6 49.Ra1 1-0